000 00750nam a2200229Ii 4500
003 JO-AjNU
008 230605s9999||||xx |||||||||||||| ||und||
017 _a1978/1285
040 _aJO-AjNU
_bara
_erda
_cJO-AjNU
041 _aara
050 1 4 _aPQ6633 1987
100 3 _aتأليف نوسوف، نيكولاي ؛ يعقوب أبونا ,
_eauthor
_916884
245 0 0 _aالعائلة المرحة
250 _aط1
264 3 1 _aبغداد: وزارة الثقافة والإعلام، 1987
300 _a208ص
336 _atext
_btxt
_2rdacontent
337 _aunmediated
_bn
_2rdamedia
338 _avolume
_bnc
_2rdacarrier
490 0 _aسلسلة ((نصوص عالمية))
650 4 _aالأدب العربي - ترجمة - قصص
_916885
999 _aA5102
_c8670
_d8670